000 00479nam a2200145Ia 4500
003 GCL
008 140319s9999 xx 000 0 ara d
040 _aGCL /
_cGCL
082 0 4 _a842
_bى ج \\=aيونسكو، يوجينv \\=aسامية اسعدv
245 1 0 _aالجوع والعطش - عربه الصلصال الصغيرة (قصص قصيرة)
490 _aمسرحيات عالمية
_v0
650 0 4 _aالمسرحيات
650 0 4 _aالمجموعات
942 _2ddc
_cBK
999 _c41448
_d41448